[Event "HUN-chT2 Asztalos 0607"]
[Site "Hungary"]
[Date "2007.03.04"]
[Round "6"]
[White "Schepp, Zoltan"]
[Black "Szaz, Ferenc"]
[Result "0-1"]
[WhiteElo "2205"]
[BlackElo "2173"]
[PlyCount "63"]
[EventDate "2006.11.12"]
[EventType "team"]
[EventRounds "11"]
[EventCountry "HUN"]
[SourceTitle "EXT 2008"]
[Source "ChessBase"]
[SourceDate "2007.11.25"]
[SourceVersion "1"]
[SourceVersionDate "2007.11.25"]
[SourceQuality "1"]
[WhiteTeam "Pannonpower II"]
[BlackTeam "Komlo Banyasz"]
[WhiteTeamCountry "HUN"]
[BlackTeamCountry "HUN"]

1. e4 d5 2. exd5 Nf6 3. d4 Nxd5 4. Nf3 Bf5 5. Be2 h6 6. 0-0 Nd7 7. Na3 e6 8. Nc4 Bd6 9. Nxd6+ cxd6 10. c4 N5f6 11. Bf4 Ne4 12. Bd3 Ndf6 13. Re1 g5 14. Be3 0-0 15. Qc2 d5 16. c5 Ng4 17. h3 Nxe3 18. Rxe3 Bh7 19. Nd2 Nf6 20. Rf1 Bxd3 21. Qxd3 Nh5 22. g3 Ng7 23. f4 b6 24. b4 a5 25. b5 Rc8 26. fxg5 hxg5 27. cxb6 Qxb6 28. g4 a4 29. Nf3 f6 30. h4 Qd6 31. Kg2 Qf4 32. Kh3 0-1

[Event "HUN-chT2 Charousek 0506"]
[Site "Hungary"]
[Date "2006.02.26"]
[Round "8"]
[White "Vargyas, Zoltan"]
[Black "Schepp, Zoltan"]
[Result "1/2-1/2"]
[WhiteElo "2128"]
[BlackElo "2212"]
[PlyCount "88"]
[EventDate "2005.10.16"]
[EventType "team"]
[EventRounds "11"]
[EventCountry "HUN"]
[SourceTitle "EXT 2009"]
[Source "ChessBase"]
[SourceDate "2008.11.26"]
[SourceVersion "1"]
[SourceVersionDate "2008.11.26"]
[SourceQuality "1"]
[WhiteTeam "Szenna Pack"]
[BlackTeam "Pannonpower"]
[WhiteTeamCountry "HUN"]
[BlackTeamCountry "HUN"]

1. d4 Nf6 2. c4 e6 3. Nc3 Bb4 4. e3 0-0 5. Nge2 d5 6. a3 Be7 7. Nf4 c6 8. Bd3 Nbd7 9. cxd5 exd5 10. b4 Bd6 11. 0-0 Re8 12. b5 Ne4 13. Qc2 Ndf6 14. bxc6 bxc6 15. Na4 Qc7 16. f3 Ng5 17. Bd2 Bxf4 18. exf4 Ne6 19. Rfe1 Bd7 20. Rxe6 fxe6 21. Nc5 a5 22. a4 Bc8 23. Rc1 g6 24. g3 Nh5 25. Kg2 Rf8 26. h4 Ra7 27. Nb3 Ba6 28. Bxa6 Rxa6 29. Nc5 Qc8 30. Nxa6 Qxa6 31. Kf2 Rc8 32. Qc3 Qb6 33. Qc5 Qb2 34. Rc2 Qa1 35. Bxa5 Qxa4 36. Rb2 Ra8 37. Bc7 Ng7 38. Be5 Qa1 39. Qb4 Nf5 40. g4 Ra2 41. Qb8+ Kf7 42. Qc7+ Ne7 43. Rxa2 Qxa2+ 44. Kg3 Qd2 1/2-1/2

[Event "HUN-chT2 Charousek 0506"]
[Site "Hungary"]
[Date "2005.10.30"]
[Round "2"]
[White "Schepp, Zoltan"]
[Black "Torok, Laszlo"]
[Result "1-0"]
[WhiteElo "2212"]
[BlackElo "2078"]
[PlyCount "77"]
[EventDate "2005.10.16"]
[EventType "team"]
[EventRounds "11"]
[EventCountry "HUN"]
[SourceTitle "EXT 2009"]
[Source "ChessBase"]
[SourceDate "2008.11.26"]
[SourceVersion "1"]
[SourceVersionDate "2008.11.26"]
[SourceQuality "1"]
[WhiteTeam "Pannonpower"]
[BlackTeam "Gyor Elektromos"]
[WhiteTeamCountry "HUN"]
[BlackTeamCountry "HUN"]

1. e4 d5 2. exd5 Qxd5 3. d4 c6 4. Nf3 Bg4 5. Be2 Nf6 6. h3 Bxf3 7. Bxf3 Qf5 8. 0-0 e6 9. c4 Be7 10. Qb3 b6 11. Re1 Nfd7 12. d5 0-0 13. Be4 Qf6 14. Qc2 Ne5 15. Bxh7+ Kh8 16. Be4 Na6 17. dxc6 Nb4 18. Qe2 Qh4 19. a3 Nbxc6 20. g3 Qxh3 21. Bg2 Qf5 22. Bf4 Bc5 23. Bxe5 Nxe5 24. Qxe5 Qxf2+ 25. Kh2 Rad8 26. Nc3 Rd2 27. Re2 Rxe2 28. Qxe2 Qf6 29. Qh5+ Qh6 30. Qxh6+ gxh6 31. Rd1 a5 32. Rd7 Kg7 33. Be4 Kf6 34. Kg2 Ke5 35. Kf3 f5 36. Bc6 Bd4 37. Na4 Rg8 38. Re7 Kd6 39. Rxe6+ 1-0

[Event "HUN-chT2 Asztalos 0203"]
[Site "Hungary"]
[Date "2003.04.06"]
[Round "10"]
[White "Schepp, Zoltan"]
[Black "Kadlicsko, Jozsef"]
[Result "1-0"]
[WhiteElo "2199"]
[BlackElo "2128"]
[PlyCount "33"]
[EventDate "2002.09.22"]
[EventType "team"]
[EventRounds "11"]
[EventCountry "HUN"]
[SourceTitle "EXT 2009"]
[Source "ChessBase"]
[SourceDate "2008.11.26"]
[SourceVersion "1"]
[SourceVersionDate "2008.11.26"]
[SourceQuality "1"]

1. Nf3 Nf6 2. c4 e6 3. g3 d5 4. Bg2 c6 5. b3 Be7 6. Bb2 Nbd7 7. 0-0 Nf8 8. Ne5 h5 9. h3 Bd6 10. d4 Bxe5 11. dxe5 N6d7 12. cxd5 exd5 13. e4 dxe4 14. Nc3 Nxe5 15. Nxe4 Qxd1 16. Raxd1 Nfg6 17. f4 1-0

[Event "HUN-chT2 Asztalos 0203"]
[Site "Hungary"]
[Date "2003.02.02"]
[Round "6"]
[White "Schepp, Zoltan"]
[Black "Gal, Peter"]
[Result "1/2-1/2"]
[WhiteElo "2199"]
[BlackElo "2064"]
[PlyCount "68"]
[EventDate "2002.09.22"]
[EventType "team"]
[EventRounds "11"]
[EventCountry "HUN"]
[SourceTitle "EXT 2009"]
[Source "ChessBase"]
[SourceDate "2008.11.26"]
[SourceVersion "1"]
[SourceVersionDate "2008.11.26"]
[SourceQuality "1"]

1. e4 c6 2. d4 d5 3. exd5 cxd5 4. c4 Nf6 5. Nc3 Nc6 6. cxd5 Nxd5 7. Nf3 Bg4 8. Qb3 Bxf3 9. gxf3 Nb6 10. Be3 e6 11. 0-0-0 Be7 12. d5 exd5 13. Nxd5 Nxd5 14. Rxd5 Qc7 15. Kb1 0-0 16. f4 Rfd8 17. Bg2 Na5 18. Qb5 Rxd5 19. Bxd5 a6 20. Qd3 Rd8 21. Qf5 Bf8 22. Bxf7+ Qxf7 23. Qxa5 Qg6+ 24. f5 Qg2 25. Qxd8 Qxh1+ 26. Kc2 Qe4+ 27. Qd3 Qc6+ 28. Kd2 Bd6 29. h3 Kf7 30. Qb3+ Ke7 31. Bg5+ Kf8 32. Qe6 Bb4+ 33. Ke2 Qxe6+ 34. fxe6 h6 1/2-1/2

[Event "HUN-chT2 9899"]
[Site "Hungary"]
[Date "1999.??.??"]
[Round "?"]
[White "Csomor, Bea"]
[Black "Schepp, Zoltan"]
[Result "0-1"]
[WhiteElo "2085"]
[BlackElo "2180"]
[PlyCount "26"]
[EventDate "1998.??.??"]
[EventType "team"]
[EventRounds "12"]
[EventCountry "HUN"]
[SourceTitle "EXT 2000"]
[Source "ChessBase"]
[SourceDate "1999.11.16"]
[SourceVersion "1"]
[SourceVersionDate "1999.11.16"]
[SourceQuality "1"]

1. e4 e5 2. Nf3 Nc6 3. Bc4 Nf6 4. 0-0 Nxe4 5. Re1 d5 6. Bb5 Bc5 7. d4 exd4 8. Nxd4 0-0 9. Nxc6 bxc6 10. Bxc6 Qf6 11. Rxe4 dxe4 12. Bxa8 Qxf2+ 13. Kh1 Bg4 0-1

[Event "HUN-chT2 9899"]
[Site "Hungary"]
[Date "1999.??.??"]
[Round "?"]
[White "Schepp, Zoltan"]
[Black "Solti, Laszlo"]
[Result "1/2-1/2"]
[WhiteElo "2180"]
[BlackElo "2105"]
[PlyCount "70"]
[EventDate "1998.??.??"]
[EventType "team"]
[EventRounds "12"]
[EventCountry "HUN"]
[SourceTitle "EXT 2000"]
[Source "ChessBase"]
[SourceDate "1999.11.16"]
[SourceVersion "1"]
[SourceVersionDate "1999.11.16"]
[SourceQuality "1"]

1. Nf3 Nf6 2. c4 g6 3. b3 Bg7 4. Bb2 0-0 5. g3 c6 6. d3 d5 7. Nbd2 Re8 8. Bg2 Nbd7 9. d4 e6 10. 0-0 b6 11. Qc2 Ba6 12. e4 Nxe4 13. Nxe4 dxe4 14. Qxe4 Rc8 15. Rad1 Qc7 16. Rfe1 c5 17. Qe2 cxd4 18. Nxd4 Nc5 19. h4 e5 20. Bd5 h5 21. Nf3 Bb7 22. Bxe5 Bxe5 23. Nxe5 Bxd5 24. cxd5 Nd7 25. d6 Qc3 26. Qd3 Rxe5 27. Qxc3 Rxc3 28. Rxe5 Nxe5 29. d7 Nc6 30. d8Q+ Nxd8 31. Rxd8+ Kg7 32. Rd7 a5 33. Rd6 b5 34. Rd5 Rc1+ 35. Kg2 Ra1 1/2-1/2

[Event "HUN-chT2 9798"]
[Site "Hungary"]
[Date "1998.??.??"]
[Round "?"]
[White "Metaxasz, Vaszilisz"]
[Black "Schepp, Zoltan"]
[Result "1-0"]
[WhiteElo "2215"]
[BlackElo "2220"]
[PlyCount "107"]
[EventDate "1997.??.??"]
[EventType "team"]
[EventRounds "11"]
[EventCountry "HUN"]
[SourceTitle "EXT 1999"]
[Source "ChessBase"]
[SourceDate "1998.11.16"]
[SourceVersion "1"]
[SourceVersionDate "1998.11.16"]
[SourceQuality "1"]

1. d4 Nf6 2. c4 e6 3. g3 c5 4. Nf3 b6 5. Bg2 Bb7 6. 0-0 d6 7. Nc3 Nbd7 8. h3 Be7 9. d5 e5 10. Nh4 0-0 11. Nf5 Re8 12. e4 Bf8 13. Kh1 a6 14. a4 Kh8 15. Qd3 Ng8 16. Bd2 g6 17. Ne3 Bh6 18. f4 Qe7 19. f5 f6 20. h4 Nf8 21. Bh3 Bc8 22. Rf2 Bd7 23. Raf1 Reb8 24. Qe2 Qe8 25. Kh2 b5 26. axb5 axb5 27. fxg6 Bxh3 28. Kxh3 hxg6 29. Nxb5 Qd7+ 30. Kg2 Ra2 31. Bc3 Kg7 32. Ng4 Nh7 33. Ne3 Bxe3 34. Qxe3 Nh6 35. b3 Ng4 36. Qf3 Rxf2+ 37. Rxf2 Nxf2 38. Qxf2 Ra8 39. b4 cxb4 40. Bxb4 Ra6 41. Qe2 f5 42. exf5 Nf6 43. fxg6 Qf5 44. Bxd6 Ne4 45. Be7 Ra1 46. Nd6 Nxd6 47. Bxd6 Kxg6 48. Bxe5 Rc1 49. Bf4 Rc2 50. Bd2 Kf7 51. d6 Qe6 52. Qd3 Rxc4 53. d7 Qc6+ 54. Kh2 1-0

[Event "HUN-chT2 9798"]
[Site "Hungary"]
[Date "1998.??.??"]
[Round "?"]
[White "Schepp, Zoltan"]
[Black "Szeberenyi, Adam"]
[Result "1-0"]
[WhiteElo "2220"]
[BlackElo "2225"]
[PlyCount "97"]
[EventDate "1997.??.??"]
[EventType "team"]
[EventRounds "11"]
[EventCountry "HUN"]
[SourceTitle "EXT 1999"]
[Source "ChessBase"]
[SourceDate "1998.11.16"]
[SourceVersion "1"]
[SourceVersionDate "1998.11.16"]
[SourceQuality "1"]

1. e4 c5 2. Nf3 d6 3. c3 Nf6 4. Be2 g6 5. 0-0 Bg7 6. Bb5+ Bd7 7. Bxd7+ Nbxd7 8. Re1 0-0 9. d4 Qc7 10. h3 e5 11. dxe5 Nxe5 12. Nxe5 dxe5 13. c4 Rad8 14. Qe2 Nh5 15. g3 Qd7 16. Kg2 Qe8 17. Bg5 Rd7 18. Nc3 f5 19. exf5 gxf5 20. Rad1 Rxd1 21. Qxd1 Qg6 22. Be7 Re8 23. Bxc5 f4 24. Qd5+ Kh8 25. Qe4 Qg5 26. h4 Qg4 27. Qf3 Qg6 28. Ne4 b6 29. Bb4 Rd8 30. Bc3 fxg3 31. fxg3 Rf8 32. Qe3 Qf5 33. Nd6 Qc2+ 34. Re2 Nf4+ 35. gxf4 Qg6+ 36. Qg3 Qxd6 37. Qxg7+ Kxg7 38. Bxe5+ Qxe5 39. fxe5 Rf4 40. e6 Kf8 41. Rf2 Rxf2+ 42. Kxf2 Ke7 43. Ke3 Kxe6 44. Kf4 a5 45. Kg5 Ke5 46. Kh6 Kf4 47. Kxh7 Kg4 48. Kg6 Kxh4 49. Kf5 1-0

[Event "HUN-chT2 9798"]
[Site "Hungary"]
[Date "1998.??.??"]
[Round "?"]
[White "Schepp, Zoltan"]
[Black "Tesinszky, Gyorgy"]
[Result "1/2-1/2"]
[WhiteElo "2220"]
[BlackElo "2215"]
[PlyCount "40"]
[EventDate "1997.??.??"]
[EventType "team"]
[EventRounds "11"]
[EventCountry "HUN"]
[SourceTitle "EXT 1999"]
[Source "ChessBase"]
[SourceDate "1998.11.16"]
[SourceVersion "1"]
[SourceVersionDate "1998.11.16"]
[SourceQuality "1"]

1. d4 Nf6 2. c4 e5 3. dxe5 Ng4 4. Nf3 Nc6 5. Nbd2 Bc5 6. Ne4 Bb4+ 7. Bd2 Qe7 8. a3 Bxd2+ 9. Qxd2 Ngxe5 10. e3 0-0 11. Qc3 d6 12. Be2 Bf5 13. Ned2 a5 14. 0-0 Nxf3+ 15. Nxf3 Bg4 16. h3 Bh5 17. b4 Bxf3 18. Bxf3 Qe5 19. Qxe5 Nxe5 20. Be2 Nc6 1/2-1/2

[Event "HUN-chT2 9798"]
[Site "Hungary"]
[Date "1997.??.??"]
[Round "?"]
[White "Schepp, Zoltan"]
[Black "Antal, Jozsef"]
[Result "1/2-1/2"]
[WhiteElo "2220"]
[BlackElo "2150"]
[PlyCount "60"]
[EventDate "1997.??.??"]
[EventType "team"]
[EventRounds "11"]
[EventCountry "HUN"]
[SourceTitle "EXT 1999"]
[Source "ChessBase"]
[SourceDate "1998.11.16"]
[SourceVersion "1"]
[SourceVersionDate "1998.11.16"]
[SourceQuality "1"]

1. e4 e5 2. Nf3 Nf6 3. Nxe5 d6 4. Nf3 Nxe4 5. d4 d5 6. Bd3 Be7 7. 0-0 Nc6 8. Re1 Bg4 9. c3 f5 10. Qc2 0-0 11. Ne5 Nxe5 12. dxe5 Bc5 13. Be3 Bxe3 14. Rxe3 Qg5 15. Nd2 Nxd2 16. Qxd2 f4 17. Ree1 Be6 18. f3 h5 19. Rad1 h4 20. Kh1 c6 21. b3 Rae8 22. Qf2 b6 23. Rd2 Re7 24. a4 Bf7 25. Rde2 Rfe8 26. b4 Be6 27. Qd4 Rc7 28. Qf2 Rce7 29. Qd4 Rc7 30. Qf2 Rce7 1/2-1/2

[Event "HUN-chT2 9798"]
[Site "Hungary"]
[Date "1997.??.??"]
[Round "?"]
[White "Schepp, Zoltan"]
[Black "Centgraf, Jozsef"]
[Result "1/2-1/2"]
[WhiteElo "2220"]
[BlackElo "2230"]
[PlyCount "95"]
[EventDate "1997.??.??"]
[EventType "team"]
[EventRounds "11"]
[EventCountry "HUN"]
[SourceTitle "EXT 1999"]
[Source "ChessBase"]
[SourceDate "1998.11.16"]
[SourceVersion "1"]
[SourceVersionDate "1998.11.16"]
[SourceQuality "1"]

1. e4 c5 2. Nf3 Nc6 3. Bb5 Na5 4. 0-0 a6 5. Be2 d6 6. d4 cxd4 7. Nxd4 Nf6 8. Nc3 e6 9. f4 Qc7 10. Bf3 Be7 11. Qd3 0-0 12. b3 Nc6 13. Nxc6 bxc6 14. Bb2 d5 15. e5 Nd7 16. Na4 a5 17. c4 Ba6 18. Rfd1 Nb6 19. Nxb6 Qxb6+ 20. Bd4 c5 21. Bc3 Rfd8 22. Qe2 Bb7 23. Rab1 d4 24. Be1 Bxf3 25. Qxf3 g6 26. Qe4 Rdb8 27. g4 Qb7 28. Qxb7 Rxb7 29. a4 f6 30. h4 fxe5 31. fxe5 Bd8 32. Bg3 Rab8 33. Rd3 Rb4 34. Rf3 Be7 35. Be1 Rxa4 36. Bd2 Ra2 37. Bh6 Bf8 38. Bg5 a4 39. h5 axb3 40. Rbxb3 Ra1+ 41. Kf2 Rxb3 42. Rxb3 h6 43. Bf6 gxh5 44. Rb8 Ra7 45. gxh5 Kf7 46. Rc8 Rd7 47. Ke2 Ra7 48. Kd2 1/2-1/2

[Event "Pecs Suto op"]
[Site "Pecs"]
[Date "1997.??.??"]
[Round "?"]
[White "Schepp, Zoltan"]
[Black "Horvath, Peter"]
[Result "0-1"]
[WhiteElo "2220"]
[BlackElo "2415"]
[PlyCount "82"]
[EventDate "1997.??.??"]
[EventType "swiss"]
[EventRounds "9"]
[EventCountry "HUN"]
[SourceTitle "EXT 2004"]
[Source "ChessBase"]
[SourceDate "2003.11.25"]
[SourceVersion "1"]
[SourceVersionDate "2003.11.25"]
[SourceQuality "1"]

1. e4 c5 2. Nf3 Nc6 3. Bb5 g6 4. 0-0 Bg7 5. Re1 Nf6 6. c3 0-0 7. d4 d5 8. e5 Ne4 9. Nbd2 cxd4 10. cxd4 Qb6 11. Nxe4 dxe4 12. Bxc6 Qxc6 13. Ng5 Bf5 14. g4 Bc8 15. d5 Qb6 16. Rxe4 h6 17. Nf3 Rd8 18. h3 Bd7 19. Qd4 e6 20. Qxb6 axb6 21. Rb4 exd5 22. Be3 b5 23. Bc5 Rdc8 24. Bd6 Ra4 25. a3 Rc2 26. Rb1 f6 27. Nd4 Rc4 28. e6 Be8 29. Rd1 f5 30. Rxb5 Rxd4 31. Rxd4 Bxb5 32. Rxd5 Bc6 33. Rd2 fxg4 34. b4 gxh3 35. Rd3 Ra8 36. Bc5 Re8 37. e7 Kf7 38. Rb3 Bf6 39. b5 Bd7 40. a4 Bxe7 41. Be3 Be6 0-1

[Event "HUN-chT"]
[Site "Hungary"]
[Date "1993.??.??"]
[Round "?"]
[White "Fusthy, Zsolt"]
[Black "Schepp, Zoltan"]
[Result "1-0"]
[WhiteElo "2320"]
[BlackElo "2240"]
[PlyCount "81"]
[EventDate "1993.??.??"]
[EventType "team"]
[EventRounds "13"]
[EventCountry "HUN"]
[SourceTitle "TD"]
[Source "ChessBase"]
[SourceDate "1994.03.01"]
[SourceVersion "1"]
[SourceVersionDate "1994.03.01"]
[SourceQuality "1"]

1. e4 e5 2. Nf3 Nc6 3. Bb5 a6 4. Ba4 Nf6 5. d4 exd4 6. 0-0 Be7 7. e5 Ne4 8. Nxd4 Nxd4 9. Qxd4 Nc5 10. Nc3 0-0 11. Bg5 Nxa4 12. Bxe7 Qxe7 13. Nxa4 Re8 14. f4 b5 15. Nc3 Bb7 16. Rad1 Red8 17. Rfe1 d6 18. exd6 Qxd6 19. Qxd6 Rxd6 20. Rxd6 cxd6 21. Re7 Rb8 22. a3 Bc6 23. Rc7 Be8 24. Nd5 Kf8 25. c3 a5 26. Kf2 Ra8 27. Ke3 f6 28. Kd4 Bg6 29. Ne3 b4 30. f5 Bf7 31. axb4 axb4 32. cxb4 Rb8 33. Kc3 d5 34. Nc2 g6 35. g4 gxf5 36. gxf5 Re8 37. b5 d4+ 38. Nxd4 Re3+ 39. Kb4 Re4 40. Kc3 Re3+ 41. Kd2 1-0

[Event "HUN-chT"]
[Site "Hungary"]
[Date "1993.??.??"]
[Round "?"]
[White "Gyurkovics, Miklos"]
[Black "Schepp, Zoltan"]
[Result "1-0"]
[WhiteElo "2250"]
[BlackElo "2240"]
[PlyCount "69"]
[EventDate "1993.??.??"]
[EventType "team"]
[EventRounds "13"]
[EventCountry "HUN"]
[SourceTitle "TD"]
[Source "ChessBase"]
[SourceDate "1994.03.01"]
[SourceVersion "1"]
[SourceVersionDate "1994.03.01"]
[SourceQuality "1"]

1. c4 e5 2. Nc3 Nc6 3. Nf3 f5 4. d4 e4 5. Nd2 Bb4 6. Ndb1 Nf6 7. a3 Bxc3+ 8. Nxc3 0-0 9. b4 d5 10. Bg5 e3 11. Bxe3 dxc4 12. d5 Ne5 13. Bf4 Qe7 14. e3 Ne4 15. Qd4 Nd3+ 16. Bxd3 cxd3 17. Nxe4 fxe4 18. Rc1 c6 19. 0-0 cxd5 20. Rc7 Bd7 21. Qxd5+ Rf7 22. f3 Qe6 23. fxe4 Raf8 24. Rd1 Qxd5 25. exd5 d2 26. h4 Bg4 27. Rxd2 Rxc7 28. Bxc7 Rf7 29. Bb8 a6 30. e4 Re7 31. e5 Rd7 32. Kf2 Be6 33. Bd6 Bf5 34. Ke3 h5 35. Kd4 1-0

[Event "HUN-chT"]
[Site "Hungary"]
[Date "1993.??.??"]
[Round "?"]
[White "Konopka, Michal"]
[Black "Schepp, Zoltan"]
[Result "1-0"]
[WhiteElo "2380"]
[BlackElo "2240"]
[PlyCount "81"]
[EventDate "1993.??.??"]
[EventType "team"]
[EventRounds "13"]
[EventCountry "HUN"]
[SourceTitle "TD"]
[Source "ChessBase"]
[SourceDate "1994.03.01"]
[SourceVersion "1"]
[SourceVersionDate "1994.03.01"]
[SourceQuality "1"]

1. Nf3 Nf6 2. c4 e6 3. g3 d5 4. d4 Be7 5. Bg2 0-0 6. 0-0 c6 7. Qc2 Nbd7 8. b3 Ne4 9. Bb2 f5 10. Nbd2 Qe8 11. Ne5 Nxd2 12. Qxd2 Qh5 13. Nd3 g5 14. e3 Nf6 15. Qd1 g4 16. h4 Bd6 17. Qc1 Ne4 18. Ba3 Nxg3 19. fxg3 Bxg3 20. Bxf8 Qxh4 21. Rd1 Kxf8 22. Nf4 Kg7 23. Kf1 Bd7 24. Ke2 Bxf4 25. exf4 Qh2 26. Rg1 c5 27. Qe3 cxd4 28. Qxd4+ Kf7 29. Qf2 Qh6 30. Rh1 Qg7 31. Rad1 Bc6 32. Qd4 e5 33. Bxd5+ Kg6 34. fxe5 Re8 35. e6 Qxd4 36. Rxd4 h5 37. Kf2 Kg5 38. Re1 h4 39. Bxc6 bxc6 40. e7 Kf6 41. Rd6+ 1-0

[Event "HUN-chT"]
[Site "Hungary"]
[Date "1993.??.??"]
[Round "?"]
[White "Schepp, Zoltan"]
[Black "Bernei, Andras"]
[Result "1/2-1/2"]
[WhiteElo "2240"]
[BlackElo "2335"]
[PlyCount "32"]
[EventDate "1993.??.??"]
[EventType "team"]
[EventRounds "13"]
[EventCountry "HUN"]
[SourceTitle "TD"]
[Source "ChessBase"]
[SourceDate "1994.03.01"]
[SourceVersion "1"]
[SourceVersionDate "1994.03.01"]
[SourceQuality "1"]

1. e4 c6 2. d4 d5 3. exd5 cxd5 4. c4 Nf6 5. Nc3 e6 6. Nf3 dxc4 7. Bxc4 Nc6 8. Ke2 Be7 9. a3 0-0 10. Be3 b6 11. d5 Na5 12. Ba2 exd5 13. Nxd5 Nxd5 14. Bxd5 Bb7 15. Bxb7 Nxb7 16. Rc1 Bc5 1/2-1/2

[Event "HUN-chT"]
[Site "Hungary"]
[Date "1993.??.??"]
[Round "?"]
[White "Schepp, Zoltan"]
[Black "Bokor, Istvan"]
[Result "1-0"]
[WhiteElo "2240"]
[BlackElo "2265"]
[PlyCount "101"]
[EventDate "1993.??.??"]
[EventType "team"]
[EventRounds "13"]
[EventCountry "HUN"]
[SourceTitle "TD"]
[Source "ChessBase"]
[SourceDate "1994.03.01"]
[SourceVersion "1"]
[SourceVersionDate "1994.03.01"]
[SourceQuality "1"]

1. e4 e5 2. Nf3 Nc6 3. Bb5 a6 4. Ba4 Nf6 5. 0-0 Be7 6. Bxc6 dxc6 7. Nc3 Nd7 8. d4 f6 9. Be3 0-0 10. Qd2 Bd6 11. Rad1 Qe7 12. Nh4 g6 13. f4 exd4 14. Bxd4 f5 15. e5 Bb4 16. Nf3 Nc5 17. a3 Ne4 18. Qd3 Bxc3 19. Bxc3 Be6 20. b4 c5 21. Qe3 cxb4 22. Bxb4 c5 23. Ba5 Rac8 24. Nd2 Nxd2 25. Rxd2 Rc6 26. Rb1 b5 27. Rbd1 b4 28. Rd6 Rfc8 29. axb4 cxb4 30. Bxb4 Rxc2 31. Qb6 Rc1 32. h3 Qc7 33. Qxa6 Bb3 34. Rxc1 Qxc1+ 35. Qf1 Qe3+ 36. Kh2 Qe4 37. Bd2 Bd5 38. Qf3 Qxf3 39. gxf3 Bxf3 40. e6 Kf8 41. Bb4 Ke8 42. Rb6 Bd5 43. Kg3 Bc4 44. Kf2 Rd8 45. Rb7 Rc8 46. Rxh7 Bxe6 47. Re7+ Kd8 48. Rxe6 Rc4 49. Bd6 Kd7 50. Rxg6 Rc6 51. Kg3 1-0

[Event "HUN-chT"]
[Site "Hungary"]
[Date "1993.??.??"]
[Round "?"]
[White "Schepp, Zoltan"]
[Black "Lengyel, Bela"]
[Result "1/2-1/2"]
[WhiteElo "2240"]
[BlackElo "2350"]
[PlyCount "132"]
[EventDate "1993.??.??"]
[EventType "team"]
[EventRounds "13"]
[EventCountry "HUN"]
[SourceTitle "TD"]
[Source "ChessBase"]
[SourceDate "1994.03.01"]
[SourceVersion "1"]
[SourceVersionDate "1994.03.01"]
[SourceQuality "1"]

1. e4 e5 2. Nf3 Nc6 3. Bb5 a6 4. Ba4 Nf6 5. 0-0 Be7 6. Bxc6 dxc6 7. Nc3 Nd7 8. d4 f6 9. Be3 0-0 10. h3 Bd6 11. Qd2 Qe8 12. Nh4 Nb6 13. Nf5 Bxf5 14. exf5 Qh5 15. dxe5 Bxe5 16. Bxb6 cxb6 17. Qd7 Rf7 18. Qe6 g6 19. fxg6 Qxg6 20. Rad1 Kh8 21. Rd3 Rg7 22. g3 Re8 23. Qb3 Bc7 24. Na4 b5 25. Nc5 Qf5 26. Nxb7 Qxh3 27. Nd6 Re6 28. Rfd1 Rge7 29. Qc3 b4 30. Qxb4 Re2 31. Nc4 h5 32. Re3 R2xe3 33. Nxe3 Rg7 34. Qe4 Rg8 35. Qf5 Qxf5 36. Nxf5 Rg5 37. Nh4 f5 38. Kg2 f4 39. Nf3 Rg7 40. Rh1 fxg3 41. Rxh5+ Kg8 42. Rg5 gxf2 43. Rxg7+ Kxg7 44. Kxf2 Kf7 45. Ke3 Kf6 46. Kd4 Bb6+ 47. Kc4 Ke6 48. Nd4+ Kd6 49. Nb3 Bg1 50. Kb4 Kc7 51. Nd2 Be3 52. Nc4 Bg5 53. Ka5 Kb7 54. Nd6+ Ka7 55. Ne4 Bd8+ 56. Kb4 Bb6 57. a4 Bg1 58. Nc5 Be3 59. Ne6 Bf2 60. a5 Kb7 61. Kc4 Bh4 62. c3 Bf2 63. Kd3 Kc8 64. b4 Kd7 65. Nc5+ Bxc5 66. bxc5 Ke6 1/2-1/2

[Event "HUN-chT"]
[Site "Hungary"]
[Date "1993.??.??"]
[Round "?"]
[White "Schepp, Zoltan"]
[Black "Toth, Janos"]
[Result "1/2-1/2"]
[WhiteElo "2240"]
[BlackElo "2270"]
[PlyCount "52"]
[EventDate "1993.??.??"]
[EventType "team"]
[EventRounds "13"]
[EventCountry "HUN"]
[SourceTitle "TD"]
[Source "ChessBase"]
[SourceDate "1994.03.01"]
[SourceVersion "1"]
[SourceVersionDate "1994.03.01"]
[SourceQuality "1"]

1. e4 e5 2. Nf3 Nc6 3. Bb5 a6 4. Ba4 Nf6 5. 0-0 b5 6. Bb3 Bc5 7. c3 d6 8. d4 Bb6 9. Bg5 Qe7 10. a4 Bb7 11. Bd5 h6 12. Bxf6 Qxf6 13. axb5 axb5 14. Rxa8+ Bxa8 15. dxe5 dxe5 16. Na3 b4 17. Nc4 bxc3 18. Nxb6 cxb6 19. bxc3 0-0 20. Qd3 Ne7 21. c4 Ng6 22. Rb1 Nf4 23. Qe3 Bxd5 24. cxd5 Qg6 25. Nh4 Qg4 26. g3 Rc8 1/2-1/2

[Event "HUN-chT"]
[Site "Hungary"]
[Date "1989.??.??"]
[Round "6"]
[White "Szogi, Gabor"]
[Black "Schepp, Zoltan"]
[Result "0-1"]
[WhiteElo "2210"]
[BlackElo "2245"]
[PlyCount "112"]
[EventDate "1989.??.??"]
[EventType "team"]
[EventRounds "13"]
[EventCountry "HUN"]
[SourceTitle "EXT 2009"]
[Source "ChessBase"]
[SourceDate "2008.11.26"]
[SourceVersion "1"]
[SourceVersionDate "2008.11.26"]
[SourceQuality "1"]

1. d4 Nf6 2. Nf3 g6 3. Bf4 Bg7 4. e3 0-0 5. h3 c5 6. c3 Qb6 7. Qb3 d5 8. Nbd2 Nc6 9. Be2 Bf5 10. dxc5 Qxc5 11. Qxb7 Ne4 12. Qb5 a6 13. Qxc5 Nxc5 14. Nd4 Bd7 15. Nxc6 Bxc6 16. Nb3 Na4 17. 0-0-0 e5 18. Bg3 d4 19. exd4 exd4 20. Nxd4 Bxg2 21. Rh2 Bb7 22. Bf3 Bxf3 23. Nxf3 Rfe8 24. Re1 Rxe1+ 25. Nxe1 Re8 26. Nd3 f5 27. Rh1 Re4 28. Kd1 g5 29. Re1 Rxe1+ 30. Kxe1 f4 31. Bh2 Nxb2 32. Kd2 Nc4+ 33. Kc2 Kf7 34. Nc5 Ne5 35. Ne4 h6 36. Nd2 Bf8 37. Bg1 Bc5 38. Kd1 Ke6 39. Ke2 Kd5 40. Bh2 Nc4 41. Nb3 Bb6 42. f3 Be3 43. Na1 a5 44. Nc2 Bc5 45. Ne1 Ne5 46. Nd3 Nxd3 47. Kxd3 Be3 48. c4+ Kc5 49. Kc3 a4 50. a3 h5 51. Kd3 Kd6 52. Kc3 Bc5 53. h4 gxh4 54. Bxf4+ Kc6 55. Bh2 Bf2 56. Kb4 Bg3 0-1